Highest-scoring game Knicks players - Statistics

General Stats
  • This quiz has been taken 13 times
  • The average score is 12 of 14
Answer Stats
Points Year Answer % Correct
62 2014 Carmelo Anthony
100%
50 2013 Carmelo Anthony
100%
61 2024 Jalen Brunson
100%
55 2024 Jalen Brunson
100%
50 2023 Jalen Brunson
100%
48 2023 Jalen Brunson
100%
57 2023 Julius Randle
82%
51 1990 Patrick Ewing
82%
50 1990 Patrick Ewing
82%
49 2001 Latrell Sprewell
73%
48 2002 Latrell Sprewell
73%
53 2003 Allan Houston
64%
50 2003 Allan Houston
64%
52 2007 Jamal Crawford
45%
No matching quizzes found
Score Distribution
Percent of People with Each Score
Percentile by Number Answered
Your Score History
You have not taken this quiz